TWS all songs(April 2026 Update) - Statistics

General Stats
  • This quiz has been taken 127 times
    15 since last reset
  • The average score is 17 of 31
Answer Stats
Hint Answer % Correct
Last Bell Last festival
80%
play hard OVERDRIVE
80%
Sparkling Blue Plot twist
80%
TRY WITH US Countdown
70%
SUMMER BEAT! If I'm S, Can You Be My N?
70%
play hard overthinking
70%
Sparkling Blue First hooky
60%
Pre-release(SUMMER BEAT!) hey! hey!
60%
Last Bell Highlight
60%
TRY WITH US Lucky to be loved
60%
TRY WITH US Random Play
60%
Sparkling Blue BFF
50%
Nice to see you again BLOOM
50%
play hard Caffeine Rush
50%
Last Bell Comma,
50%
SUMMER BEAT! Double Take
50%
SUMMER BEAT! Fire Confetti
50%
TRY WITH US Freestyle
50%
TRY WITH US GO BACK
50%
Pre-release (play hard) Head Shoulders Knees Toes
50%
play hard Here for you
50%
play hard HOT BLUE SHOES
50%
Nice to see you again Nice to see you again
50%
TRY WITH US Now Playing
50%
Other releases Uptown Girl
50%
Other releases Brand New Day
40%
SUMMER BEAT! Keep on
40%
Other releases Kiss Kiss Shy Shy
40%
Pre-release(Sparkling Blue) Oh Mymy : 7s
40%
Sparkling Blue Unplugged Boy
40%
SUMMER BEAT! YOU+ME=7942
40%
No matching quizzes found
Score Distribution
Percent of People with Each Score
Percentile by Number Answered
Your Score History
You have not taken this quiz since the last reset